Представление документа в формате RUSMARC

ПолеНазваниеЗначение
  Тип записи a
  Библиографический уровень m
001 Контрольный номер RU/УОНБ/EK/376739565
005 Дата корректировки 20250520122018.0
010 Индекс ISBN __
a ISBN 978-5-59697-0591-3
d Цена 60 р.
9 Тираж 3000 экз.
b Уточнения в пер.
100 Данные общей обработки __
a Данные общей обработки 20111209d2008 u y0rusy0189||||ca
101 Язык документа 0_
a Язык текста rus
102 Страна публикации __
a Страна публикации RU
105 Кодированные данные (монография) __
a Кодированные данные (монография) a z 000gy
200 Заглавие и сведения об ответственности 1_
a Заглавие Какая боль - искать потерянное слово...
d Параллельное заглавие What Agony! To Search For a Lost Word...
e Сведения, относящиеся к заглавию [избр. поэзия на рус. яз. с парал. пер. на англ. яз.]
f Первые сведения об ответственности О.Э. Мандельштам
z Язык параллельного заглавия eng
210 Выходные данные 1_
a Место издания Москва
c Издательство Вагриус
d Дата издания 2008
215 Физическое описание __
a Объем 431 с.
c Иллюстрации/тип воспроизводства ил.
d Формат 21 см
606 Тематические рубрики 0_
a Основная рубрика Стихи (х. л.)
686 Индексы других классификаций __
a Классификационный индекс Р2-5
2 Код системы rubbk
700 Автор _1
a Фамилия Мандельштам
b Имя (инициалы) О.Э.
g Полное личное имя Осип Эмильевич
801 Источник записи _0
a Страна RU
b Организация Ульяновская ОНБ
c Дата составления 20111209
g Правила каталогизации RCR
801 Источник записи _1
a Страна RU
b Организация Ульяновская ОНБ
c Дата составления 20111209
g Правила каталогизации RCR
901 Тип документа __
t Тип документа m
909 Создатель записи __
a Создатель записи Мейснер
b Дата создания записи 20120816
938 Служебная информация __
a Имя БД books
b Имя библиотеки УОНБ
c Имя АИБС МАРК-SQL
d Номер DOC_ID в БД 277568